000 00816 a2200205 4500
020 _a1584504498
020 _a9781584504498
082 _a005.282
090 _c1115
_d1115
100 1 _aDiaz, Christopher.
245 1 0 _aIntroduction to unix/linux /
_cChristopher Diaz.
260 _a[S.l.] :
_bCharles River Media,
_c2007.
300 _a448 p. ;
_c24 cm.
490 1 _aCharles river media operating systems series.
700 _aDiaz, Christopher.
830 0 _aCharles river media operating systems series.
942 _aSNS
_cBK
_k005.282 DIA
999 _c29730
_d29730